| 000 | 01379nam a2200337 a 4500 | ||
|---|---|---|---|
| 001 | 000045453 | ||
| 003 | DO-SdBNP | ||
| 005 | 20250307100017.0 | ||
| 007 | ta | ||
| 008 | 150326s2015 dr a 000 0 spa d | ||
| 020 | _a9789945582178 | ||
| 040 |
_aDO-SdBNP _bspa _cBNPHU |
||
| 041 | _hspa | ||
| 082 | 4 |
_a725.94 _bR426p _222 |
|
| 110 | 2 |
_aMuseo Numismático y Filatélico del Banco Central (Banco Central de la República Dominicana) _bMuseo Numismático y Filatélico _956846 |
|
| 245 | 1 | 4 |
_aLos padres de la patria y los monumentos nacionales. / _cpresentación Héctor Valdez Albizu; introducción José Alcántara Almánzar. |
| 260 |
_aSanto Domingo : _bMuseo Numismático y Filatélico, _c2015. |
||
| 300 |
_a106 p. : _bil. ; _c22 cm. |
||
| 490 | 1 |
_aBanco Central de la República Dominicana _v208 |
|
| 490 | 1 |
_aFolletos Educativos _v33 |
|
| 500 | _aXXX aniversario 1985-2015 | ||
| 504 | _aBibliografía : p.105-106 | ||
| 650 | 0 |
_955626 _aMonumentos históricos _zRepública Dominicana |
|
| 650 | 0 |
_926164 _aEdificios históricos _zRepública Dominicana |
|
| 700 | 1 |
_aAlcántara Almánzar, José _d1946- _eintrod. _97018 |
|
| 700 | 1 |
_aValdez Albizu, Héctor, _d1947- _epres. _912322 |
|
| 830 | 0 |
_aBanco Central de la República Dominicana _n208 _973511 |
|
| 830 | 0 |
_aFolletos Educativos _n33 _973512 |
|
| 910 | _aValidado. Control de calidad. MAA | ||
| 942 |
_2ddc _cLBS1 |
||
| 999 |
_c44942 _d44942 |
||